| 000 | 00362nam a2200145Ia 4500 | ||
|---|---|---|---|
| 008 | 230711s9999||||xx |||||||||||||| ||und|| | ||
| 041 | _aENG | ||
| 082 |
_a540 _bMO-O |
||
| 100 | _aMorrison,Robert T. | ||
| 245 | 0 | _aOrganic Chemistry | |
| 250 | _a1st . Ed. | ||
| 260 |
_c1989 _aNew Delhi _bPrentice-Hall of India Private Limited |
||
| 650 | _aChemistry | ||
| 942 | _cBK | ||
| 999 |
_c118 _d118 |
||